00590nam a2200169 i 450000100060000000300090000600500170001500700030003200800410003510000420007624500690011826000350018730000270022285200320024999900170028195201220029842663ES-MaACL20250822055318.0t|030313s1966 sp ||||1| spa d1 aCastro, Américo,d1885-1972922652510aCervantes y los casticismos españoles... / cAmérico Castro. aMadrid : bAlfaguara, c[1966] aXII, 364 p. ; c21 cm. aES-MaACLjC-32797 bR.62485 c42663d42663 00104070aATENEOMbATENEOMcDEPO2d2008-01-17eSCl0oC-32797p1044911r2023-02-23 00:00:00w2023-02-23yMONOGRAFIA